书目信息 |
| 题名: |
戏剧新作
|
|
| 作者: | ;剧本月刊编辑部 编 | |
| 分册: | ||
| 出版信息: | 北京 人民文学出版社 1979 |
|
| 页数: | 388页 | |
| 开本: | 19cm | |
| 丛书名: | ||
| 单 册: | ||
| 中图分类: | I230.71 , I23 | |
| 科图分类: | ||
| 主题词: | 戏剧--剧本--中国--现代--选集 | |
| 电子资源: | ||
| ISBN: | ||
| 000 | 00660nam0 2200241 45 | |
| 001 | 1552883657 | |
| 005 | 20150123144156.31 | |
| 010 | @dCNY0.81 | |
| 091 | @aCN@b10019.2776 | |
| 100 | @a19950719d1979 em y0chiy0121 ea | |
| 101 | 0 | @achi |
| 102 | @aCN@b110000 | |
| 105 | @ay z 000by | |
| 200 | 10 | @a戏剧新作@Axi ju xin zuo@f《剧本》月刊编辑部编 |
| 210 | @a北京@c人民文学出版社@d1979 | |
| 215 | @a388页@d19cm | |
| 300 | @a《剧本》月刊增刊第一集 | |
| 606 | @a戏剧@x剧本@y中国@z现代@x选集 | |
| 690 | @aI230.71@v3 | |
| 690 | @aI23@v4 | |
| 711 | 02 | @a剧本月刊编辑部@Aju ben yue kan bian ji bu@4编 |
| 801 | 0 | @aCN@bTSSF@c20150123 |
| 905 | @aZUCC@dI23@eJY20 | |
| 戏剧新作/《剧本》月刊编辑部编.-北京:人民文学出版社,1979 |
| 388页;19cm |
| 《剧本》月刊增刊第一集 |
| ISBN :CNY0.81 |
| ● |
| 相关链接 |
|
|
|
|
正题名:戏剧新作
索取号:I23/JY20
 
预约/预借
| 序号 | 登录号 | 条形码 | 馆藏地/架位号 | 状态 | 备注 |
| 1 | 7839808 | 278398084 | 学院路分馆/ [索取号:I23/JY20] | 在馆 | |
| 2 | 7839809 | 278398093 | 学院路分馆/ [索取号:I23/JY20] | 在馆 |